[Event "SVK-chT2B 2223"]
[Site "Slovakia"]
[Date "2022.11.13"]
[Round "4.3"]
[White "Berek, Geza"]
[Black "Mellen, Milan"]
[Result "1/2-1/2"]
[WhiteElo "2173"]
[BlackElo "1911"]
[PlyCount "56"]
[EventDate "2022.10.08"]
[EventType "team-tourn"]
[EventRounds "11"]
[EventCountry "SVK"]
[SourceTitle "EXT 2024"]
[Source "ChessBase"]
[SourceDate "2023.10.10"]
[SourceVersion "1"]
[SourceVersionDate "2023.10.10"]
[SourceQuality "1"]
[WhiteTeam "Levice II"]
[BlackTeam "Nove Zamky"]
[WhiteTeamCountry "SVK"]
[BlackTeamCountry "SVK"]

1. e4 c5 2. Nf3 Nc6 3. d4 cxd4 4. Nxd4 Nf6 5. Nc3 e5 6. Ndb5 d6 7. Bg5 a6 8. Na3 Be6 9. Nc4 Be7 10. Bxf6 gxf6 11. Ne3 Qa5 12. Qd2 b5 13. Ncd5 Qxd2+ 14. Kxd2 0-0 15. c3 Rfb8 16. Bd3 Bd8 17. b4 a5 18. a3 Kg7 19. Nf5+ Bxf5 20. exf5 a4 21. Rac1 Ra7 22. Be4 Rc8 23. h4 Ne7 24. Rh3 Nxd5 25. Bxd5 Bb6 26. f3 Rac7 27. Rhh1 Bf2 28. Kd3 Bd4 1/2-1/2

[Event "SVK-chT2B 1920"]
[Site "Slovakia"]
[Date "2019.10.27"]
[Round "2.7"]
[White "Mellen, Milan"]
[Black "Banic, Marek"]
[Result "0-1"]
[WhiteElo "1924"]
[BlackElo "1943"]
[PlyCount "110"]
[EventDate "2019.10.26"]
[EventType "team-tourn"]
[EventRounds "11"]
[EventCountry "SVK"]
[SourceTitle "CBM 193 Extra"]
[Source "ChessBase"]
[SourceDate "2020.01.31"]
[SourceVersion "1"]
[SourceVersionDate "2020.01.31"]
[SourceQuality "1"]
[WhiteTeam "Nove Zamky"]
[BlackTeam "Povazska Bystrica II"]
[WhiteTeamCountry "SVK"]
[BlackTeamCountry "SVK"]

1. e4 e5 2. Nf3 Nc6 3. Bb5 Nf6 4. d3 Bc5 5. 0-0 Nd4 6. Nxd4 Bxd4 7. c3 Bb6 8. h3 c6 9. Ba4 d6 10. Nd2 Be6 11. Nf3 h6 12. Qe2 g5 13. Nh2 Qe7 14. Be3 Bc7 15. Bc2 Nd7 16. d4 Nf8 17. b4 Ng6 18. Rfd1 Nf4 19. Bxf4 gxf4 20. d5 Bd7 21. dxc6 Bxc6 22. a4 Qf6 23. c4 Ke7 24. Ra3 Rag8 25. Kh1 Rg7 26. Rg1 Rhg8 27. Qf3 b6 28. Nf1 Qh4 29. Rc3 Bd7 30. Kh2 Bg4 31. Qd3 Rg5 32. Bd1 Bxd1 33. Qxd1 Qxf2 34. Qf3 Qb2 35. Rb3 Qc2 36. Rc3 Qxa4 37. Ra3 Qxb4 38. Rxa7 Qxc4 39. g4 h5 40. Nd2 Qc2 41. Rg2 hxg4 42. hxg4 Rh8+ 43. Kg1 Kf6 44. Nb3 Qb1+ 45. Kf2 Rh1 46. Ra1 Rf1+ 47. Ke2 Rxf3 48. Rxb1 Re3+ 49. Kf2 Rxe4 50. Rc1 Bd8 51. Rc8 Ke7 52. Rc2 Rb4 53. Nd2 e4 54. Kf1 Rc5 55. Rxc5 bxc5 0-1

[Event "SVK-chT2B 1617"]
[Site "Slovakia"]
[Date "2017.01.21"]
[Round "7.7"]
[White "Gyopos, Istvan"]
[Black "Mellen, Milan"]
[Result "1-0"]
[WhiteElo "1951"]
[BlackElo "1812"]
[PlyCount "37"]
[EventDate "2016.10.08"]
[EventType "team-tourn"]
[EventRounds "11"]
[EventCountry "SVK"]
[SourceTitle "EXT 2018"]
[Source "ChessBase"]
[SourceDate "2017.10.13"]
[SourceVersion "1"]
[SourceVersionDate "2017.10.13"]
[SourceQuality "1"]
[WhiteTeam "Batorove Kosihy"]
[BlackTeam "Nove Zamky"]
[WhiteTeamCountry "SVK"]
[BlackTeamCountry "SVK"]

1. e4 c5 2. Nc3 Nc6 3. g3 g6 4. Bg2 Bg7 5. f4 d6 6. d3 e5 7. Nf3 Nge7 8. 0-0 0-0 9. f5 f6 10. g4 Nd4 11. g5 Nxf3+ 12. Rxf3 fxg5 13. Bxg5 Bf6 14. Bh6 Bg7 15. Qd2 Rf7 16. Bxg7 Kxg7 17. f6+ Rxf6 18. Rxf6 Kxf6 19. Qh6 1-0

[Event "SVK-chT2B 1617"]
[Site "Slovakia"]
[Date "2016.11.06"]
[Round "4.7"]
[White "Mellen, Milan"]
[Black "Bielik, Jakub"]
[Result "1/2-1/2"]
[WhiteElo "1812"]
[BlackElo "1794"]
[PlyCount "48"]
[EventDate "2016.10.08"]
[EventType "team-tourn"]
[EventRounds "11"]
[EventCountry "SVK"]
[SourceTitle "CBM 175 Extra"]
[Source "ChessBase"]
[SourceDate "2016.12.12"]
[SourceVersion "1"]
[SourceVersionDate "2016.12.12"]
[SourceQuality "1"]
[WhiteTeam "Nove Zamky"]
[BlackTeam "Povazske Podhradie"]
[WhiteTeamCountry "SVK"]
[BlackTeamCountry "SVK"]

1. e4 e6 2. d4 d5 3. e5 c5 4. c3 Qb6 5. Nf3 Bd7 6. Bd3 Bb5 7. dxc5 Bxc5 8. 0-0 Bxd3 9. Qxd3 Nc6 10. Nbd2 f6 11. exf6 Nxf6 12. Nb3 Bd6 13. Bg5 0-0 14. Bxf6 Rxf6 15. Rae1 Re8 16. Re2 Qc7 17. Rfe1 Rh6 18. h3 Qd8 19. Nbd4 Nxd4 20. Qxd4 b6 21. Qg4 Qf6 22. Ne5 Bxe5 23. Rxe5 Rg6 24. Qe2 Qh4 1/2-1/2

[Event "SVK-chT 0607"]
[Site "Slovakia"]
[Date "2006.12.10"]
[Round "6"]
[White "Mellen, Milan"]
[Black "Sipos, Istvan"]
[Result "0-1"]
[WhiteElo "1947"]
[BlackElo "2268"]
[PlyCount "68"]
[EventDate "2006.10.21"]
[EventType "team-tourn"]
[EventRounds "11"]
[EventCountry "SVK"]
[SourceTitle "EXT 2019"]
[Source "ChessBase"]
[SourceDate "2018.10.10"]
[SourceVersion "1"]
[SourceVersionDate "2018.10.10"]
[SourceQuality "1"]
[WhiteTeam "Nove Zamky Basta"]
[BlackTeam "Komarno"]
[WhiteTeamCountry "SVK"]
[BlackTeamCountry "SVK"]

1. e4 e5 2. Nf3 Nc6 3. Bb5 a6 4. Ba4 Nf6 5. d3 b5 6. Bb3 Bc5 7. c3 0-0 8. 0-0 Be7 9. Re1 Bb7 10. Nbd2 d5 11. Qe2 Qd7 12. a4 Rad8 13. axb5 axb5 14. Nf1 Rfe8 15. Ng3 h6 16. h3 Bf8 17. Bc2 Nb8 18. Nh4 c5 19. Nhf5 Re6 20. Ne3 Nc6 21. exd5 Nxd5 22. Bb3 Nf4 23. Qg4 Rg6 24. Qxd7 Rxd7 25. Bc2 Nxd3 26. Rd1 c4 27. b3 Bc5 28. bxc4 bxc4 29. Ne4 Bxe3 30. Bxe3 Ne7 31. f3 Nd5 32. Nc5 Nxe3 33. Nxd7 Rxg2+ 34. Kh1 Nf2# 0-1

[Event "SVK-chT1W 0405"]
[Site "Slovakia"]
[Date "2005.??.??"]
[Round "11"]
[White "Mellen, Milan"]
[Black "Hartl, Jan"]
[Result "1/2-1/2"]
[WhiteElo "1930"]
[BlackElo "2158"]
[PlyCount "45"]
[EventDate "2004.10.??"]
[EventType "team"]
[EventRounds "11"]
[EventCountry "SVK"]
[SourceTitle "EXT 2006"]
[Source "ChessBase"]
[SourceDate "2005.11.24"]
[SourceVersion "1"]
[SourceVersionDate "2005.11.24"]
[SourceQuality "1"]

1. e4 e5 2. Nf3 Nc6 3. Bb5 a6 4. Ba4 Nf6 5. 0-0 Be7 6. Re1 b5 7. Bb3 0-0 8. c3 d5 9. exd5 Nxd5 10. Nxe5 Nxe5 11. Rxe5 c6 12. d4 Bd6 13. Re1 Qh4 14. g3 Qh3 15. Be3 Bg4 16. Qd3 Rae8 17. Nd2 Re6 18. Bxd5 cxd5 19. Qf1 Qh5 20. Qg2 Bh3 21. Qf3 Bg4 22. Qg2 Bh3 23. Qf3 1/2-1/2